ბათუმის შოთა რუსთაველის სახელმწიფო უნივერსიტეტის ბიბლიოთეკა

გერმანული ენის გრამატიკა = Grammatik der deutschen Sprache : 4 წიგნად. წ. 1 : მორფოლოგია I. (ბიბ.ჩანაწერი № 51235)

000 -LEADER
fixed length control field 01272nam a2200277Ia 4500
001 - CONTROL NUMBER
control field 18195
003 - CONTROL NUMBER IDENTIFIER
control field GE_BSU
008 - FIXED-LENGTH DATA ELEMENTS--GENERAL INFORMATION
fixed length control field 181216s||||||||xx |||||||||||||| ||und||
020 ## - INTERNATIONAL STANDARD BOOK NUMBER
International Standard Book Number 978-9941-13-036-6
040 ## - CATALOGING SOURCE
Transcribing agency GE_BSU
080 ## - UNIVERSAL DECIMAL CLASSIFICATION NUMBER
Universal Decimal Classification number 811.112.2'36
100 ## - MAIN ENTRY--PERSONAL NAME
Personal name ანდრაზაშვილი,მარინა
245 ## - TITLE STATEMENT
Title გერმანული ენის გრამატიკა = Grammatik der deutschen Sprache : 4 წიგნად. წ. 1 : მორფოლოგია I.
250 ## - EDITION STATEMENT
Edition statement მე-2 გადამუშავებული და გავრცობილი გამოცემა. ივ. ჯავახიშვილის სახ. თსუ
260 ## - PUBLICATION, DISTRIBUTION, ETC.
Place of publication, distribution, etc. თბილისი
260 ## - PUBLICATION, DISTRIBUTION, ETC.
Name of publisher, distributor, etc. თბილ. უნ-ტის გამ-ბა
260 ## - PUBLICATION, DISTRIBUTION, ETC.
Date of publication, distribution, etc. 2008
300 ## - PHYSICAL DESCRIPTION
Extent 510 გვ.28 სმ.
520 ## - SUMMARY, ETC.
Summary, etc. პარალ. თავფურ. გერმ. ენ.
653 ## - INDEX TERM--UNCONTROLLED
Uncontrolled term Grammatik der deutschen Sprache
653 ## - INDEX TERM--UNCONTROLLED
Uncontrolled term გერმანული ენის გრამატიკა
653 ## - INDEX TERM--UNCONTROLLED
Uncontrolled term გერმანული ენის გრამატიკა
653 ## - INDEX TERM--UNCONTROLLED
Uncontrolled term გერმანული ენის მორფოლოგია;
942 ## - ADDED ENTRY ELEMENTS (KOHA)
Koha item type წიგნი
ეგზემპლარები
Withdrawn status Lost status Damaged status Not for loan Date acquired Barcode Date last seen Price effective from Koha item type
        2018-12-17 46371 2018-12-17 2018-12-17 წიგნი